Leadership vychází z důvěry a dá se pěstovat
Najlepšou praxou je aplikovať poznatky psychológie do riadenia procesov a vedenia ľudí a vytvoriť tak situáciu, že podriadení a spolupracovníci budú pracovať veľmi výkonne a radi a s pocitom uspokojenia. Nevyhýbať sa konfliktom. Bez vízie to nejde. Dôvera, ktorou strhenete ostatných. Stať sa vodcom.
Salvato in:
| Autore principale: | |
|---|---|
| Natura: | Capitolo di libro |
| Lingua: | ceco |
| Soggetti: | |
| Tags: |
Nessun Tag, puoi essere il primo ad aggiungerne!!
|
MARC
| LEADER | 00000naa$a2200000$$$4500 | ||
|---|---|---|---|
| 001 | 0076709 | ||
| 005 | 20231019114317.0 | ||
| 041 | 0 | |a cze | |
| 044 | |a CZ | ||
| 245 | 1 | 0 | |a Leadership vychází z důvěry a dá se pěstovat |c Štěpánka Čápová |
| 520 | |a Najlepšou praxou je aplikovať poznatky psychológie do riadenia procesov a vedenia ľudí a vytvoriť tak situáciu, že podriadení a spolupracovníci budú pracovať veľmi výkonne a radi a s pocitom uspokojenia. Nevyhýbať sa konfliktom. Bez vízie to nejde. Dôvera, ktorou strhenete ostatných. Stať sa vodcom. | ||
| 610 | 2 | 0 | |a vodcovstvo |
| 610 | 2 | 0 | |a vedenie ľudí |
| 610 | 2 | 0 | |a vízie |
| 100 | 1 | |a Čápová, Štěpánka | |